000 00796nam a2200253Ia 4500
003 OSt
005 20220918171853.0
006 a|||||r|||| 00| 0
007 ta
008 220917b |||||||| |||| 00| 0 eng d
020 _a9788182745131 (hbk)
_c995
024 _a258,897
037 _b165, 13/10/2011, Om Book Distributors
_cTextual
040 _aARTS
_cARTS
_beng
041 _2eng
_aeng
082 _aX:8D.49G, Q1
100 _aDevi T Nirmala Ed.
_939124
245 0 _aSouth Asia and global financial crisis
_b Issues and challenges
260 _aNew Delhi
_bPentagon Press India
_c2011
300 _axxii,217p.
_ccm.
650 _aECONOMICS
942 _hX:8D.49G, Q1
_cTEXL
_2CC
999 _c141666
_d141666